000 00828nam a2200229Ia 4500
003 GCL
008 140319s9999 xx 000 0 ara d
020 _a3771101977
040 _aGCL /
_cGCL
082 0 4 _a320.54953
_bش د
100 1 _aشريف الشوباشى
245 1 0 _aالداء العربى /
_cشريف الشوباشى
260 _aالقاهرة :
_bالهيئة المصرية العامة للكتاب ،
_c2002
300 _a318 ص ؛
_c24 سم
650 0 4 _aالقبائل العربية
650 0 4 _aالوطنية
650 0 4 _aالعرب - العادات والتقاليد
650 0 4 _aشبه الجزيرة العربية - تاريخ
650 0 4 _aالعالم العربى - حضارة
650 0 4 _aالقومية العربية - شبه الجزيرة العربية
942 _2ddc
_cBK
999 _c8768
_d8768